| 000 | 01370nam a2200373 i 4500 | ||
|---|---|---|---|
| 001 | 000004212 | ||
| 003 | DO-SdBNP | ||
| 005 | 20240620110423.0 | ||
| 007 | ta | ||
| 008 | 090720s2004 dr 001 0 spa d | ||
| 020 | _z8489525234 | ||
| 040 |
_aDO-SdBNP _bspa _cBNPHU _erda |
||
| 082 | 4 |
_a349.7293 _bV422h, 2004 _222 |
|
| 100 | 1 |
_aVega B., Wenceslao, _d1932- _938670 _eautor |
|
| 245 | 1 | 0 |
_aHistoria del derecho dominicano / _cWenceslao Vega B. |
| 250 | _a4a. edición | ||
| 264 |
_aSanto Domingo : _bINTEC _c2004. |
||
| 300 |
_a465 páginas ; _c23 cm. |
||
| 336 |
_2rdacontent _atexto _btxt |
||
| 337 |
_2rdamedia _asin mediación _bn |
||
| 338 |
_2rdacarrier _avolumen _bnc |
||
| 500 | _aNueva edición actualizada hasta 2002. | ||
| 500 | _aIncluye datos biográficos del autor en la solapa de la cubierta. | ||
| 500 | _aIncluye referencias bibliográficas y notas al pie de las páginas | ||
| 500 | _aIncluye índice analítico : páginas 431-471. | ||
| 504 | _aBibliografía : páginas 425-430. | ||
| 590 | _aInventariado, 2018/DG | ||
| 650 | 4 |
_aDerecho civil _zRepública Dominicana _xHistoria _912432 |
|
| 650 | 4 |
_aDerecho _zRepública Dominicana _935307 |
|
| 651 | 4 |
_aRepública Dominicana _xLegislación _xHistoria _912433 |
|
| 710 | 2 |
_aInstituto Tecnológico de Santo Domingo _978911 |
|
| 910 | _aValidado. Control de calidad EMS | ||
| 942 |
_2ddc _cLBS1 |
||
| 999 |
_c4026 _d4026 |
||